| 000 | 00652nam a2200229Ia 4500 | ||
|---|---|---|---|
| 003 | OSt | ||
| 005 | 20220918191021.0 | ||
| 006 | a|||||r|||| 00| 0 | ||
| 007 | ta | ||
| 008 | 220917b |||||||| |||| 00| 0 eng d | ||
| 024 | _a61,011 | ||
| 037 | _cTextual | ||
| 040 |
_aARTS _cARTS _beng |
||
| 041 |
_2eng _aeng |
||
| 082 | _aQ62v63.N5, K0 (906) | ||
| 100 |
_aBrown William Eric _974578 |
||
| 245 | 0 | _aCatholic Church in South Africa from its origins to the present day ed by Michael Derrick | |
| 260 | _c1960 | ||
| 650 | _aRELIGION | ||
| 942 |
_hQ62v63.N5, K0 (906) _cTEXL _2CC |
||
| 999 |
_c187881 _d187881 |
||